In The Night - The Weeknd Lyrics - Statistics

General Stats
  • This quiz has been taken 227 times
  • The average score is 252 of 295
Answer Stats
Hint Answer % Correct
a
99%
I
99%
in
99%
Chorus In
99%
she
99%
She
99%
the
99%
an
96%
night
96%
You
95%
you
95%
And
94%
and
94%
don't
94%
Verse He
92%
he
92%
Verse All
91%
all
91%
understand
91%
was
91%
when
91%
she's
90%
think
90%
to
90%
But
89%
hear
89%
never
89%
away
88%
be
88%
know
88%
dancin'
87%
it
87%
It
87%
livin'
87%
walk
87%
oh
86%
Bridge Oh
86%
calling
85%
She'll
85%
that
85%
That
85%
3x gone,
84%
her
84%
2x mind,
84%
2x mind
84%
for
83%
alone,
82%
keep
82%
world
82%
always
81%
of
81%
young
81%
comes
80%
pain
80%
billls
79%
bills
79%
dollar
79%
Dollar
79%
down
79%
so
79%
tears
79%
baby
78%
crawlin'
78%
face
78%
it's
78%
capable
77%
girl
77%
hears
77%
up
77%
fallin'
76%
wake
76%
anything,
75%
beginning
74%
life
74%
without
74%
end
72%
or
72%
2x time,
72%
2x time
72%
relieve
71%
him
70%
on
69%
Yeah,
68%
feelin'
67%
no,
67%
no
67%
woman
66%
committed
65%
song
62%
did
61%
had
61%
cold
60%
forced
59%
riveting
57%
wrongs
57%
like
56%
city
55%
religion
55%
minute
52%
sang
52%
dances
50%
knees
50%
numb
49%
got
47%
Now
46%
co-dependent
45%
weak
43%
made
36%
unforgivng
2%
No matching quizzes found
Score Distribution
Percent of People with Each Score
Percentile by Number Answered
Your Score History
You have not taken this quiz